Skocznie w sezonie 2005/2006 - Statystyki

Ogólne statystyki
  • Ten quiz został rozwiązany 19 razy
  • Średni wynik to 15 z 16
Statystyki odpowiedzi
Skocznia % Poprawnych
6 Garmisch - Partenkirchen
100%
7 Innsbruck
100%
2 Lillehammer
100%
14 Lillehammer
100%
15 Oslo
100%
16 Planica
100%
8 Bischofshofen
95%
1 Ruka/Kuusamo
95%
9 Sapporo
95%
10 Zakopane
95%
4 Engelberg
89%
5 Oberstdorf
89%
11 Willingen
89%
13 Kuopio
84%
12 Lahti
84%
3 Harrachov
58%
Nie znaleziono quizów pasujących do podanych kryteriów
Rozkład punktacji
Procent ludzi z każdym wynikiem
Percentyl według liczby udzielonych odpowiedzi
Twoja historia wyników
Nie rozwiązałeś tego quizu